[Event "GER-chT U10"]
[Site "Magdeburg"]
[Date "2014.12.29"]
[Round "7.4"]
[White "Fuhrmann, Bahne"]
[Black "Franke, Maria"]
[Result "1-0"]
[WhiteElo "600"]
[BlackElo "600"]
[PlyCount "89"]
[EventDate "2014.12.27"]
[EventType "team-swiss"]
[EventRounds "7"]
[EventCountry "GER"]
[SourceTitle "EXT 2016"]
[Source "ChessBase"]
[SourceDate "2015.10.08"]
[SourceVersion "1"]
[SourceVersionDate "2015.10.08"]
[SourceQuality "1"]
[WhiteTeam "Hamburger SK III"]
[BlackTeam "Neumarkt"]
[WhiteTeamCountry "GER"]
[BlackTeamCountry "GER"]

1. e4 d5 2. exd5 Qxd5 3. Nc3 Qe5+ 4. Be2 Nf6 5. d4 Qd6 6. Nf3 Nc6 7. Nb5 Qd8 8. Bf4 Nd5 9. c4 Nxf4 10. Qd2 Nxg2+ 11. Kf1 Bh3 12. Kg1 e6 13. Qg5 Be7 14. Qg3 Nf4 15. Qxf4 Rc8 16. Nxa7 Ra8 17. Nb5 Bd6 18. Nxd6+ cxd6 19. Ng5 Rf8 20. Nxh3 Qb6 21. Qxd6 Qxb2 22. Kg2 Qxe2 23. Rhe1 Qg4+ 24. Qg3 Qxd4 25. Rac1 Rxa2 26. Qf3 Ne5 27. Qf4 Qb2 28. Rxe5 b5 29. cxb5 Qa3 30. Rc8+ Ke7 31. Rxf8 Kxf8 32. Ng5 Qa8+ 33. Kh3 Ra3+ 34. f3 Qa7 35. b6 Qe7 36. Rb5 f6 37. b7 Qe8 38. b8Q Ra8 39. Nxh7+ Kg8 40. Qxe8+ Rxe8 41. Nxf6+ Kf8 42. Nxe8+ Kxe8 43. Qc7 Kf8 44. Rb7 Kg8 45. Qxg7# 1-0